| 000 | 00463nam a2200181Ia 4500 | ||
|---|---|---|---|
| 008 | 230524s9999 xx 000 0 und d | ||
| 020 | _a9788120321410 | ||
| 082 |
_a4.6 _bCOR |
||
| 100 | _aThomas H.Coremen | ||
| 245 | 0 | _aIntroduction to Algorithms | |
| 250 | _a2ND | ||
| 260 |
_aNEW DELHI _bPHI _c2005 |
||
| 300 | _aXIX;180 | ||
| 500 | _aQuantity Number: 202 | ||
| 650 | _aComp-Sc | ||
| 700 | _a"Charles E.Leiserson, R.L.Rivest , C.Stein,," | ||
| 942 | _cBK | ||
| 999 |
_c26608 _d26608 |
||